Teatro de risa para jovencit@s teatrer@s : (Record no. 136784)

MARC details
000 -CABECERA
campo de control de longitud fija 02985nam a22003854i 4500
001 - NÚMERO DE CONTROL
campo de control 991061509087606706
003 - IDENTIFICADOR DEL NÚMERO DE CONTROL
campo de control ES-BaIT
005 - FECHA Y HORA DE LA ÚLTIMA TRANSACCIÓN
campo de control 20251106084155.0
008 - DATOS DE LONGITUD FIJA--INFORMACIÓN GENERAL
campo de control de longitud fija 251029m20162018sp |||| |||| 0|0 d spa|c
017 ## - NÚMERO DE COPYRIGHT O DE DEPÓSITO LEGAL
Número de copyright o de depósito legal DL M 2602-2016
Agencia que asigna Oficina DL Madrid
020 ## - NÚMERO INTERNACIONAL ESTÁNDAR DEL LIBRO
Número Internacional Estándar del Libro 9788416596423
Información calificativa (volumen 1)
020 ## - NÚMERO INTERNACIONAL ESTÁNDAR DEL LIBRO
Número Internacional Estándar del Libro 9788416947416
Información calificativa (volumen 2)
020 ## - NÚMERO INTERNACIONAL ESTÁNDAR DEL LIBRO
Número Internacional Estándar del Libro 9788416947775
Información calificativa (volumen 3)
040 ## - FUENTE DE LA CATALOGACIÓN
Centro catalogador/agencia de origen ES-BaIT
Lengua de catalogación cat
Normas de descripción rda
Centro/agencia transcriptor ES-BaIT
080 ## - NÚMERO DE LA CLASIFICACIÓN DECIMAL UNIVERSAL
Número de la Clasificación Decimal Universal 792.077:82-2
100 ## - ENTRADA PRINCIPAL--NOMBRE DE PERSONA
Nombre de persona Cedena Sánchez-Cabezudo, José
Término indicativo de función/relación autor
9 (RLIN) 102584
245 10 - MENCIÓN DE TÍTULO
Título Teatro de risa para jovencit@s teatrer@s :
Resto del título ¡Que conozcan las bondades del sainete ... L@s Muchach@as de entre diez y diecisiete! / José Cedena
246 33 - FORMA VARIANTE DE TÍTULO
Título propio/Titulo breve Teatro de risa para jovencitos teatreros
246 33 - FORMA VARIANTE DE TÍTULO
Título propio/Titulo breve Teatro de risa para jovencitas teatreras
264 #1 - PRODUCCIÓN, PUBLICACIÓN, DISTRIBUCIÓN, FABRICACIÓN Y COPYRIGHT
Producción, publicación, distribución, fabricación y copyright Madrid :
Nombre del de productor, editor, distribuidor, fabricante Éride Ediciones,
Fecha de producción, publicación, distribución, fabricación o copyright 2106-2018
300 ## - DESCRIPCIÓN FÍSICA
Extensión 3 volums, ( 176,181, 204 pàgines) ;
Dimensiones 21 cm
336 ## - TIPO DE CONTENIDO
Término de tipo de contenido text
Código de tipo de contenido txt
Fuente rdacontent
337 ## - TIPO DE MEDIO
Nombre/término del tipo de medio sense mediació
Código del tipo de medio n
Fuente rdamedia
338 ## - TIPO DE SOPORTE
Nombre/término del tipo de soporte volum
Código del tipo de soporte nc
Fuente rdacarrier
490 1# - MENCIÓN DE SERIE
Mención de serie Teatro de risa
505 8# - NOTA DE CONTENIDO CON FORMATO
Nota de contenido con formato Conté: volum 1: Don Sabino Curatraumas -- Don Sabina Curatrasdedoper -- Don Sabino Curamanías -- El bulto negro -- El chorizo enmascarado -- La consulta de don Meldquiades -- La escuela de don Silvestre -- La rebelión de las neuronas -- Novios de Internet --Un palillo "pal" diente. Volum 2: Auto escuela Fitipaldi -- El parque de los solterones -- El planeta de los culos -- La rutina diaria de San Pedro -- Lalolilolilolialo -- ! Olvido, olvídame! -- Rebelión en la granja -- Todo para el alma -- Todo para el cuerpo -- Vivan los novios. Volumen 3: Auto escuela Fitipaldi (2a parte) -- El dentista, La Evarista y los cuatro de la lista -- El asesino anda suelto -- El hombre que ató a Billy el Niño -- El parque de Maria Risa -- Las confesiones pedreras del padre pedro -- O.G. T. -- O. G. T. (2o intento) -- Recitando se va a Roma -- El rey Tiburcio busca novia
520 ## - SUMARIO, ETC.
Sumario, etc. "Diez son los sainetes que conforman este segundo volumen de una colección de "teatro de risa" con la que José Cedena -el autor contemporáneo que más éxito tiene en su género- pretende abastecer a l@s chic@s de entre diez y diecisiete años. Un colectivo que, aunque ya hace sus sainetes desde hace tiempo, el autor ha querido dedicarle una atención especial, ante la demanda de profesores y monitores de teatro. Diez sainetes seleccionados concienzudamente, publicados con anterioridad en diversos libros pero adaptados para chicos de esa edad, con el lenguaje depurado y sin perder un ápice de su carácter divertido." -- Contracoberta segon volum
650 #7 - PUNTO DE ACCESO ADICIONAL DE MATERIA--TÉRMINO DE MATERIA
Término de materia o nombre geográfico como elemento de entrada Teatre escolar
9 (RLIN) 57883
650 #0 - PUNTO DE ACCESO ADICIONAL DE MATERIA--TÉRMINO DE MATERIA
Término de materia o nombre geográfico como elemento de entrada Literatura dramàtica infantil castellana
Subdivisión geográfica Espanya
Subdivisión cronológica S. XXI
Subdivisión general Textos dramàtics
9 (RLIN) 157254
650 #4 - PUNTO DE ACCESO ADICIONAL DE MATERIA--TÉRMINO DE MATERIA
Término de materia o nombre geográfico como elemento de entrada Literatura dramàtica juvenil castellana
Subdivisión geográfica Espanya
Subdivisión cronológica S. XXI
Subdivisión de forma Textos dramàtics
Subdivisión general Textos dramàtics
9 (RLIN) 66463
830 ## - PUNTO DE ACCESO ADICIONAL DE SERIE-TÍTULO UNIFORME
Título uniforme Teatro de risa (Éride)
9 (RLIN) 167757
908 ## - COLOCAR PARÁMETRO DE COMANDO (RLIN)
Colocar parámetro de comando CDMAE
940 ## - EQUIVALENCIA O REFERENCIA-CRUZADA--TÍTULO UNIFORME [OBSOLETO] [solamente CAN/MARC]
Título uniforme <a href="CVA2">CVA2</a>
942 ## - ELEMENTOS DE ENTRADA AGREGADA (KOHA)
Fuente del sistema de clasificación o colocación Clasificación decimal universal
Tipo de ítem Koha Llibre
Holdings
Estado de retiro Estado de pérdida Fuente del sistema de clasificación o colocación Estado dañado No para préstamo Localización permanente Ubicación/localización actual Ubicación en estantería Fecha de adquisición Fuente de adquisición Total de préstamos Signatura topográfica completa Código de barras Fecha visto por última vez Precio válido a partir de Tipo de ítem Koha
    Clasificación decimal universal     Biblioteca Barcelona Biblioteca Barcelona BCN Lliure Accés 06/11/2025 Compra   792.077:82-2 CED 1900089436 06/11/2025 06/11/2025 Llibre
    Clasificación decimal universal     Biblioteca Barcelona Biblioteca Barcelona BCN Lliure Accés 06/11/2025 Compra   792.077:82-2 CED 1900089437 06/11/2025 06/11/2025 Llibre
    Clasificación decimal universal     Biblioteca Barcelona Biblioteca Barcelona BCN Lliure Accés 06/11/2025 Compra   792.077:82-2 CED 1900089438 06/11/2025 06/11/2025 Llibre

Powered by Koha